[Event "Campeonato Distrital Individual Absoluto"]
[Site "Sede do GX Alekhine - Lisboa"]
[Date "2015.02.02"]
[Round "3.2"]
[White "Bolhari, Orphe Iraj"]
[Black "Fortunato, António Eduardo Con"]
[Result "0-1"]
[WhiteElo "2141"]
[BlackElo "1691"]
[PlyCount "98"]
[EventDate "2015.01.27"]

1. e4 e6 2. d4 d5 3. Nc3 Nf6 4. Bg5 Be7 5. e5 Nfd7 6. h4 a6 7. Qg4 Bxg5 8. hxg5
c5 9. g6 f5 10. Rxh7 fxg4 11. Rxh8+ Nf8 12. dxc5 Qg5 13. Bd3 Qxe5+ 14. Kf1 Nc6
15. Re1 Qg5 16. Na4 Bd7 17. Nb6 Rb8 18. Ne2 Ke7 19. Nc3 Nxg6 20. Ncxd5+ Kf7 21.
Bxg6+ Kxg6 22. Rxb8 Nxb8 23. Nxd7 Nxd7 24. Rxe6+ Kh7 25. Ne3 Qxc5 26. c4 Nf6
27. b3 Qd4 28. g3 Qa1+ 29. Kg2 Qxa2 30. Rb6 Ne4 31. Nxg4 Qe2 32. Kh3 Nxf2+ 33.
Nxf2 Qxf2 34. Rxb7 Kh6 35. Rb8 Kg5 36. Rd8 Qf1+ 37. Kh2 Qf2+ 38. Kh3 Qf5+ 39.
Kh2 Qc2+ 40. Kh3 Qxb3 41. Rd5+ Kh6 42. Rd6+ Kh5 43. Rxa6 Qxc4 44. Ra8 Qf1+ 45.
Kh2 Qf2+ 46. Kh3 Qf3 47. Rh8+ Kg5 48. Kh2 Qf2+ 49. Kh3 Qg1 0-1

[Event "Campeonato Distrital Individual Absoluto"]
[Site "Sede do GX Alekhine - Lisboa"]
[Date "2015.02.02"]
[Round "3.3"]
[White "Preto, Daniel Filipe Rodrig"]
[Black "Santos, Jose Manuel Duarte C"]
[Result "1-0"]
[WhiteElo "2015"]
[BlackElo "1872"]
[PlyCount "79"]
[EventDate "2015.01.27"]

1. Nf3 Nf6 2. c4 g6 3. g3 Bg7 4. Bg2 O-O 5. O-O d6 6. Nc3 Nbd7 7. d4 e5 8. e3
Nh5 9. b4 f5 10. Qb3 e4 11. Nd2 Ndf6 12. f3 exf3 13. Nxf3 Kh8 14. c5 Qe7 15.
Rb1 Be6 16. Qc2 Rad8 17. Ng5 Bc8 18. Nh3 d5 19. b5 c6 20. Qa4 Nd7 21. bxc6 Nxc5
22. Qa3 bxc6 23. dxc5 Nf6 24. Nf2 Nd7 25. Nd3 d4 26. Ne2 dxe3 27. Bb2 Nf6 28.
Ne5 Rd2 29. Nf4 Rxb2 30. Nexg6+ hxg6 31. Nxg6+ Kh7 32. Nxe7 Rxb1 33. Rxb1 Be6
34. Qxe3 Bxa2 35. Rd1 Bh6 36. Qd3 Ng4 37. Bxc6 Be3+ 38. Kg2 Bxc5 39. Nxf5 Ne5
40. Qc2 1-0

[Event "Campeonato Distrital Individual Absoluto"]
[Site "Sede do GX Alekhine - Lisboa"]
[Date "2015.02.02"]
[Round "3.4"]
[White "Rocha, Manuel Fernando Teix"]
[Black "Sousa, Tadeu Filipe Leonard"]
[Result "0-1"]
[WhiteElo "1798"]
[BlackElo "1787"]
[PlyCount "120"]
[EventDate "2015.01.27"]

1. e4 c5 2. Nf3 Nc6 3. d4 cxd4 4. Nxd4 e5 5. Nb5 d6 6. c4 Be7 7. N1c3 a6 8. Na3
Be6 9. Be3 Bg5 10. Nc2 Bxe3 11. Nxe3 Nd4 12. Qd2 Qa5 13. Rb1 Ne7 14. Bd3 O-O
15. Ned5 Nxd5 16. exd5 Bd7 17. O-O b5 18. b4 Qb6 19. Kh1 f5 20. Rbd1 bxc4 21.
Bxc4 Qxb4 22. Bd3 Rac8 23. Nb1 Qxd2 24. Rxd2 Bb5 25. f3 Rc5 26. a4 Bxd3 27.
Rxd3 Rfc8 28. f4 Rxd5 29. Rfd1 Rdc5 30. fxe5 dxe5 31. Nd2 Rc2 32. Nf3 Nxf3 33.
Rd8+ Rxd8 34. Rxd8+ Kf7 35. gxf3 Rc4 36. Rd5 Rxa4 37. Rxe5 Kf6 38. Rc5 Ra2 39.
f4 a5 40. Rc6+ Kf7 41. Kg1 a4 42. Ra6 a3 43. Ra5 Ra1+ 44. Kg2 Kg6 45. h3 a2 46.
Ra6+ Kf7 47. Ra5 Ke6 48. Re5+ Kd6 49. Ra5 Kc6 50. Ra8 Kd5 51. Ra4 Kc5 52. Ra8
Kd4 53. Ra3 Ke4 54. Ra4+ Ke3 55. Ra3+ Kxf4 56. Ra7 Ke3 57. Ra3+ Ke2 58. Ra8 f4
59. Re8+ Kd3 60. Rd8+ Kc4 0-1

[Event "Campeonato Distrital Individual Absoluto"]
[Site "Sede do GX Alekhine - Lisboa"]
[Date "2015.02.02"]
[Round "3.5"]
[White "Lopes, Jose Manuel Cidreiro"]
[Black "Pires, Emanuel Joao Robarts"]
[Result "0-1"]
[WhiteElo "1734"]
[BlackElo "2104"]
[PlyCount "64"]
[EventDate "2015.01.27"]

1. e4 d6 2. d4 Nf6 3. Nd2 g6 4. c4 Bg7 5. Ngf3 O-O 6. d5 Nbd7 7. Rb1 Nc5 8. Qc2
Nfxe4 9. b4 Bf5 10. Nh4 Nxd2 11. Nxf5 Nxb1 12. Nxg7 Nd7 13. Bh6 e6 14. Qxb1 Qh4
15. Qc1 g5 16. Bxg5 Qe4+ 17. Kd1 Qd4+ 18. Bd2 Qxg7 19. Bh6 Qd4+ 20. Qd2 Qxd2+
21. Kxd2 Rfe8 22. f4 exd5 23. cxd5 Nf6 24. Bb5 Re4 25. a3 Rd4+ 26. Kc3 Rxd5 27.
Bc4 Rh5 28. Bg5 Ne4+ 29. Kd4 Re8 30. g4 Rh3 31. Re1 c5+ 32. bxc5 dxc5+ 0-1

[Event "Campeonato Distrital Individual Absoluto"]
[Site "Sede do GX Alekhine - Lisboa"]
[Date "2015.02.02"]
[Round "3.6"]
[White "Lages, Duarte Jorge Silva"]
[Black "Garcia, António Manuel Da Co"]
[Result "1/2-1/2"]
[WhiteElo "1775"]
[BlackElo "1919"]
[PlyCount "33"]
[EventDate "2015.01.27"]

1. d4 d5 2. c4 c6 3. Nf3 Nf6 4. Nc3 e6 5. Bg5 Nbd7 6. e3 Qa5 7. Qc2 Ne4 8. cxd5
exd5 9. Bd3 Nxc3 10. bxc3 h6 11. Bh4 Bd6 12. e4 dxe4 13. Bxe4 O-O 14. O-O Qh5
15. Bg3 Bxg3 16. hxg3 Nf6 17. Ne5 1/2-1/2

[Event "Campeonato Distrital Individual Absoluto"]
[Site "Sede do GX Alekhine - Lisboa"]
[Date "2015.02.02"]
[Round "3.7"]
[White "Seia, João Manuel Barradas"]
[Black "Fanha, Paulo A Marinheiro"]
[Result "1/2-1/2"]
[WhiteElo "1755"]
[BlackElo "1868"]
[PlyCount "69"]
[EventDate "2015.01.27"]

1. e4 c5 2. Nf3 d6 3. d4 cxd4 4. Nxd4 Nf6 5. Nc3 g6 6. Be3 Bg7 7. f3 O-O 8. Qd2
Nc6 9. O-O-O Bd7 10. g4 Rc8 11. h4 h5 12. g5 Ne8 13. f4 Bg4 14. Be2 Bxe2 15.
Ncxe2 Qb6 16. Nb3 Qa6 17. a3 Nc7 18. Ned4 Nb5 19. Nxb5 Qxb5 20. Nd4 Nxd4 21.
Bxd4 Rc4 22. Bxg7 Kxg7 23. Qd3 Rfc8 24. Rh2 Qc6 25. Re1 b5 26. f5 Qc5 27. fxg6
fxg6 28. Rf1 Rd4 29. Qf3 Qc4 30. b3 Qe6 31. Re2 a5 32. Qe3 Qe5 33. Qf3 Qe6 34.
Qe3 Qe5 35. Qf3 1/2-1/2

[Event "Campeonato Distrital Individual Absoluto"]
[Site "Sede do GX Alekhine - Lisboa"]
[Date "2015.02.02"]
[Round "3.8"]
[White "Marques, Carlos Filipe Fernan"]
[Black "Martins, Abílio Morgado"]
[Result "1-0"]
[WhiteElo "1852"]
[BlackElo "1489"]
[PlyCount "35"]
[EventDate "2015.01.27"]

1. e4 c5 2. Bc4 e6 3. a3 Nc6 4. d3 g6 5. Nf3 Bg7 6. h3 Nge7 7. c3 O-O 8. O-O a6
9. Bg5 h6 10. Bh4 d6 11. Nbd2 g5 12. Bxg5 hxg5 13. Nxg5 Ng6 14. Qh5 Re8 15. f4
d5 16. f5 Nce5 17. fxg6 fxg6 18. Qh7# 1-0

[Event "Campeonato Distrital Individual Absoluto"]
[Site "Sede do GX Alekhine - Lisboa"]
[Date "2015.02.02"]
[Round "3.9"]
[White "Belo, Miguel Ângelo Peting"]
[Black "Marques, Hugo Miguel Fernande"]
[Result "0-1"]
[WhiteElo "1850"]
[BlackElo "1640"]
[PlyCount "62"]
[EventDate "2015.01.27"]

1. e3 e5 2. b3 Nc6 3. Bb2 d6 4. Bb5 Bd7 5. Ne2 a6 6. Bxc6 Bxc6 7. O-O Nh6 8. d3
Qg5 9. e4 f5 10. Nd2 f4 11. Nf3 Qh5 12. Nd2 g5 13. Nc3 g4 14. Nd5 Bxd5 15. exd5
Rg8 16. f3 Nf5 17. Ne4 Be7 18. Bc1 Nh4 19. fxg4 Rxg4 20. g3 Qg6 21. Rf3 Nxf3+
22. Qxf3 fxg3 23. hxg3 O-O-O 24. Bh6 Rg8 25. Be3 h5 26. Bf2 h4 27. Kg2 hxg3 28.
Be3 Rh8 29. Bg1 Qh5 30. Nxg3 Qh3+ 31. Kf2 Rf4 0-1

[Event "Campeonato Distrital Individual Absoluto"]
[Site "Sede do GX Alekhine - Lisboa"]
[Date "2015.02.02"]
[Round "3.10"]
[White "Branco, Rómulo João Monteiro"]
[Black "Aguiar, Carlos Alberto Branc"]
[Result "0-1"]
[WhiteElo "1737"]
[BlackElo "1807"]
[PlyCount "52"]
[EventDate "2015.01.27"]

1. e4 c5 2. Nf3 d6 3. Bb5+ Bd7 4. Bxd7+ Qxd7 5. O-O Nc6 6. d4 cxd4 7. Nxd4 Nf6
8. Nc3 g6 9. f4 Bg7 10. Nxc6 Qxc6 11. Re1 O-O 12. e5 dxe5 13. fxe5 Rad8 14. Qe2
Nd5 15. Nxd5 Rxd5 16. Bf4 e6 17. c3 Rfd8 18. Kf1 Qd7 19. h4 h5 20. Qf2 a6 21.
Kg1 Bf8 22. Kh2 Rd3 23. g4 hxg4 24. Qg2 Rh3+ 25. Kg1 Bc5+ 26. Kf1 Rf3+ 0-1

[Event "Campeonato Distrital Individual Absoluto"]
[Site "Sede do GX Alekhine - Lisboa"]
[Date "2015.02.02"]
[Round "3.12"]
[White "Santos, Júlio Fernandes Dos"]
[Black "Nanques, Helder Manuel Pereir"]
[Result "0-1"]
[WhiteElo "1949"]
[BlackElo "1922"]
[PlyCount "226"]
[EventDate "2015.01.27"]

1. e4 e6 2. c4 c5 3. Nc3 Nc6 4. Nf3 e5 5. d3 d6 6. h3 Nf6 7. Nh2 Nd7 8. Be2 Be7
9. O-O Bg5 10. f4 exf4 11. Bxf4 Bxf4 12. Rxf4 Nde5 13. Qd2 O-O 14. Raf1 Nd4 15.
Kh1 Qg5 16. Nd5 Ne6 17. h4 Qh6 18. Ne7+ Kh8 19. Nf5 Qg6 20. R4f2 Nd4 21. Nxd4
cxd4 22. Qg5 f6 23. Qxg6 Nxg6 24. Nf3 Bg4 25. Nxd4 Bxe2 26. Rxe2 Nxh4 27. Nb5
Rfd8 28. a4 Ng6 29. Rc2 a6 30. Nc7 Rac8 31. Ne6 Re8 32. Nd4 Ne7 33. Rc3 Kg8 34.
Rb3 Rc7 35. Rb6 Nc8 36. Rb3 Ne7 37. Ne6 Rd7 38. Nd4 Rc7 39. g4 Rd7 40. Kg2 Rc8
41. Kg3 h6 42. Rh1 Rc5 43. Ne6 Re5 44. Nf4 Nc6 45. Ne2 Ra5 46. Ra3 Re5 47. Kf3
Rde7 48. Kf4 Kf7 49. Rh2 Kg6 50. Kg3 Kf7 51. Nc3 Nd4 52. Nd5 Re8 53. b4 Rh8 54.
Rc3 Rg5 55. c5 Ke6 56. Rc4 Nc6 57. d4 dxc5 58. bxc5 Kd7 59. Nf4 Re8 60. Re2 Rh8
61. Rh2 Re8 62. Kf3 Kc8 63. Rd2 Kd7 64. Rc1 Kc8 65. Rb1 Re7 66. Nh3 Rg6 67. Kf4
Rd7 68. Rbd1 Rd8 69. Kf3 Rh8 70. Nf4 Rg5 71. Rh2 Re8 72. Rh4 Re7 73. Nh3 Rg6
74. Kf4 Rd7 75. Kf5 Ne7+ 76. Ke6 f5+ 77. Ke5 fxg4 78. Nf4 Nc6+ 79. Kf5 Rf6+ 80.
Kxg4 Rxf4+ 81. Kxf4 g5+ 82. Ke3 gxh4 83. Rh1 Rxd4 84. Rxh4 Rxa4 85. Rxh6 Rc4
86. Rh5 a5 87. Kd3 Rb4 88. e5 a4 89. e6 a3 90. Rh8+ Kc7 91. Ra8 Rh4 92. Kc3
Rh3+ 93. Kc4 Re3 94. Kd5 a2 95. Kc4 Re2 96. Kc3 Nb8 97. Ra5 Nc6 98. Ra8 Nb8 99.
Ra5 Na6 100. e7 Rxe7 101. Rxa2 Nxc5 102. Rh2 Kc6 103. Rh4 b5 104. Rh6+ Re6 105.
Rh8 Na6 106. Rg8 Re3+ 107. Kb2 b4 108. Rg5 Nc5 109. Rg1 Re2+ 110. Kb1 Kb5 111.
Rg8 Kc4 112. Rg1 Nd3 113. Rg3 b3 0-1

[Event "Campeonato Distrital Individual Absoluto"]
[Site "Sede do GX Alekhine - Lisboa"]
[Date "2015.02.02"]
[Round "3.14"]
[White "Júlio, André Alexandre Mira"]
[Black "Nunes, Adelino Victor"]
[Result "0-1"]
[WhiteElo "1671"]
[BlackElo "1588"]
[PlyCount "60"]
[EventDate "2015.01.27"]

1. e4 c5 2. Nf3 g6 3. d4 b6 4. c4 Bg7 5. Nc3 Nc6 6. d5 Nd4 7. Nxd4 Bxd4 8. Nb5
Bg7 9. Qa4 a6 10. Bf4 axb5 11. Qxa8 Bxb2 12. Rb1 Bc3+ 13. Bd2 Bxd2+ 14. Kxd2 b4
15. Qa4 Nf6 16. Bd3 Ng4 17. f3 Nf2 18. Rhf1 Nxd3 19. Kxd3 O-O 20. a3 Qc7 21. f4
bxa3 22. Qxa3 e6 23. Qb2 exd5 24. exd5 d6 25. Qxb6 Bf5+ 26. Kc3 Qe7 27. Rbe1
Qf6+ 28. Kb3 Qd4 29. Qxd6 Qd3+ 30. Kb2 Qc2+ 0-1

[Event "Campeonato Distrital Individual Absoluto"]
[Site "Sede do GX Alekhine - Lisboa"]
[Date "2015.02.02"]
[Round "3.15"]
[White "Sirgado, Carlos Manuel Ferrei"]
[Black "Daud, Rafic"]
[Result "0-1"]
[WhiteElo "1654"]
[BlackElo "1654"]
[PlyCount "124"]
[EventDate "2015.01.27"]

1. e4 c5 2. Nf3 g6 3. d4 cxd4 4. Nxd4 Nc6 5. c3 Bg7 6. Be3 Nf6 7. Nd2 O-O 8.
Be2 d5 9. f3 dxe4 10. Nxe4 a6 11. O-O Qc7 12. Qc1 Nxd4 13. cxd4 Qxc1 14. Raxc1
Rd8 15. Rfd1 Nd5 16. Bf2 Bd7 17. Nc5 Bc6 18. Bc4 Rac8 19. b3 e6 20. Bh4 Re8 21.
Ne4 Ne3 22. Nd6 Nxd1 23. Nxe8 Bxe8 24. Rxd1 b5 25. Bd3 Bxd4+ 26. Kf1 Bb6 27.
Bf6 Bd8 28. Bb2 Be7 29. Be4 Rd8 30. Ke2 Rxd1 31. Kxd1 Bd6 32. h3 f5 33. Bb7 a5
34. Ba6 e5 35. Bc3 b4 36. Bb2 Bc6 37. Bc4+ Kf8 38. Ke2 e4 39. Bd4 exf3+ 40.
gxf3 a4 41. bxa4 Bxa4 42. Kf2 Be8 43. Bd3 Bf7 44. Bb1 Be6 45. Kg2 Ke8 46. Bf6
Kd7 47. h4 Be7 48. Bxe7 Kxe7 49. Kg3 h6 50. Kf4 Kd6 51. Ke3 Kc5 52. Kd3 g5 53.
hxg5 hxg5 54. Ke3 Kc4 55. Kd2 g4 56. fxg4 fxg4 57. Bc2 Kd4 58. Bb1 g3 59. Ke2
g2 60. Kf2 Bd5 61. Bf5 Kc3 62. Bh3 Kb2 0-1

[Event "Campeonato Distrital Individual Absoluto"]
[Site "Sede do GX Alekhine - Lisboa"]
[Date "2015.02.04"]
[Round "4.1"]
[White "Fortunato, António Eduardo Con"]
[Black "Vasconcellos, Renato Fialho De"]
[Result "1-0"]
[WhiteElo "1691"]
[BlackElo "2053"]
[PlyCount "89"]
[EventDate "2015.01.27"]

1. e4 c5 2. Nc3 Nc6 3. Bc4 e6 4. d3 Na5 5. Bf4 a6 6. a3 b5 7. Ba2 Bb7 8. Nge2
d6 9. O-O Nf6 10. Qd2 Be7 11. h3 O-O 12. e5 dxe5 13. Bxe5 Nc6 14. Bh2 Rc8 15.
Rad1 Nd4 16. Nf4 b4 17. Nce2 Qb6 18. axb4 e5 19. Nxd4 cxd4 20. Ne2 Bxb4 21. c3
dxc3 22. bxc3 Qc6 23. f3 Bd6 24. c4 Rfe8 25. Ng3 Bc5+ 26. Kh1 Bd4 27. Nf5 h6
28. Rb1 Bc5 29. Qb2 Ba8 30. Bxe5 Ba3 31. Qxa3 Rxe5 32. Ne7+ Rxe7 33. Qxe7 Nh5
34. Rfe1 Qg6 35. Qd7 Rf8 36. Qg4 Rd8 37. Qxg6 fxg6 38. Re6 Kh7 39. Rxa6 Nf4 40.
d4 Bxf3 41. gxf3 Rxd4 42. c5 Rd2 43. Ra8 Ne2 44. Bg8+ Kh8 45. Bc4+ 1-0

[Event "Campeonato Distrital Individual Absoluto"]
[Site "Sede do GX Alekhine - Lisboa"]
[Date "2015.02.04"]
[Round "4.2"]
[White "Reis, Luís De Sousa Almeid"]
[Black "Preto, Daniel Filipe Rodrig"]
[Result "1-0"]
[WhiteElo "2174"]
[BlackElo "2015"]
[PlyCount "61"]
[EventDate "2015.01.27"]

1. e4 e6 2. d4 d5 3. Nd2 c5 4. exd5 Qxd5 5. dxc5 Bxc5 6. Ngf3 Nf6 7. Bc4 Qd6 8.
O-O O-O 9. Qe2 a6 10. Ng5 Nc6 11. Nde4 Nxe4 12. Qxe4 g6 13. Qh4 h5 14. Ne4 Qd4
15. Bg5 f5 16. Nxc5 Qxc5 17. Rad1 Kh7 18. Rfe1 e5 19. Rd5 Qb6 20. Red1 Qc7 21.
Bd8 Qg7 22. Rd6 Nxd8 23. Rxd8 b5 24. Rxf8 Qxf8 25. Rd8 Qg7 26. Bd5 Bb7 27. Rxa8
Bxd5 28. Rxa6 Bxg2 29. Qd8 Qb7 30. Rd6 Qe4 31. Qg5 1-0

[Event "Campeonato Distrital Individual Absoluto"]
[Site "Sede do GX Alekhine - Lisboa"]
[Date "2015.02.04"]
[Round "4.3"]
[White "Sousa, Tadeu Filipe Leonard"]
[Black "Bolhari, Orphe Iraj"]
[Result "1/2-1/2"]
[WhiteElo "1787"]
[BlackElo "2141"]
[PlyCount "114"]
[EventDate "2015.01.27"]

1. e4 e5 2. Nf3 Nc6 3. Bb5 Nge7 4. O-O Ng6 5. d4 exd4 6. Nxd4 Bc5 7. Nf5 O-O 8.
Qh5 d6 9. Bg5 f6 10. Be3 Bxe3 11. Nxe3 Be6 12. f4 Bf7 13. Bc4 Nd4 14. Nd2 Qe8
15. c3 Bxc4 16. Nexc4 Nc6 17. Rae1 Qf7 18. Qb5 Rab8 19. Nb3 a6 20. Qd5 Rfe8 21.
Qxf7+ Kxf7 22. Nd4 d5 23. exd5 Rxe1 24. Rxe1 Nxd4 25. cxd4 Nxf4 26. d6 cxd6 27.
Nxd6+ Kf8 28. g3 Nd3 29. Re3 Nxb2 30. Rb3 Na4 31. Nxb7 Ke7 32. Kf2 Rc8 33. Ra3
Rc2+ 34. Ke3 Rc3+ 35. Rxc3 Nxc3 36. a3 Na4 37. Ke4 Kd7 38. g4 Kc7 39. Na5 Nc3+
40. Kf5 Kd7 41. Nb3 Ke7 42. Nc5 a5 43. g5 fxg5 44. Kxg5 Nb5 45. Nb3 a4 46. Nc5
Nxd4 47. Nxa4 Nf3+ 48. Kf4 Nxh2 49. Nc5 Kd6 50. Ne4+ Kd5 51. Nd2 h5 52. Kg5 Kd4
53. Kxh5 Kc3 54. Nb1+ Kb3 55. Kg6 Nf3 56. Kxg7 Nd2 57. Nxd2+ Kxa3 1/2-1/2

[Event "Campeonato Distrital Individual Absoluto"]
[Site "Sede do GX Alekhine - Lisboa"]
[Date "2015.02.04"]
[Round "4.4"]
[White "Pires, Emanuel Joao Robarts"]
[Black "Marques, Carlos Filipe Fernan"]
[Result "0-1"]
[WhiteElo "2104"]
[BlackElo "1852"]
[PlyCount "78"]
[EventDate "2015.01.27"]

1. e4 e5 2. Bc4 Nc6 3. Nf3 d6 4. d4 Be7 5. Bb5 Bd7 6. d5 Nb8 7. Bd3 Bg4 8. O-O
Nf6 9. c4 Nbd7 10. Nc3 Nc5 11. Bc2 O-O 12. b4 Ncd7 13. h3 Bh5 14. g4 Nxg4 15.
hxg4 Bxg4 16. Kg2 f5 17. exf5 e4 18. Bxe4 Ne5 19. Bf4 Rxf5 20. Bxe5 Rxe5 21.
Rh1 h6 22. Qd3 Bxf3+ 23. Kxf3 Bg5 24. Rag1 Qf6+ 25. Ke2 Rae8 26. Kf1 Qf4 27. f3
Qc1+ 28. Kg2 Qb2+ 29. Kh3 Bf6 30. Ne2 Rh5+ 31. Kg2 Rg5+ 32. Kf2 Qxb4 33. Rxg5
Bxg5 34. Rb1 Qc5+ 35. Qd4 Qa5 36. Rxb7 Bh4+ 37. Ke3 Qe1 38. Qd2 Bg5+ 39. f4
Bxf4+ 0-1

[Event "Campeonato Distrital Individual Absoluto"]
[Site "Sede do GX Alekhine - Lisboa"]
[Date "2015.02.04"]
[Round "4.5"]
[White "Marques, Hugo Miguel Fernande"]
[Black "Alves, Luis Miguel Guerreir"]
[Result "0-1"]
[WhiteElo "1640"]
[BlackElo "1798"]
[PlyCount "54"]
[EventDate "2015.01.27"]

1. e4 c5 2. c3 Nf6 3. e5 Nd5 4. d4 cxd4 5. cxd4 d6 6. Nf3 Nc6 7. Bb5 Qa5+ 8.
Nc3 Nxc3 9. Bxc6+ bxc6 10. bxc3 Qxc3+ 11. Bd2 Qa3 12. Qc2 Qa6 13. Ng5 g6 14.
Qe4 dxe5 15. dxe5 Bg7 16. f4 Bf5 17. Qf3 Rd8 18. Qb3 O-O 19. Nf3 Rd3 20. Qb4
Bg4 21. Kf2 c5 22. Qa5 Qc6 23. Be3 Qe4 24. Qxc5 Rc8 25. Ng5 Qa8 26. Qxe7 Rc2+
27. Ke1 Qxg2 0-1

[Event "Campeonato Distrital Individual Absoluto"]
[Site "Sede do GX Alekhine - Lisboa"]
[Date "2015.02.04"]
[Round "4.6"]
[White "Aguiar, Carlos Alberto Branc"]
[Black "Rocha, Manuel Fernando Teix"]
[Result "0-1"]
[WhiteElo "1807"]
[BlackElo "1798"]
[PlyCount "114"]
[EventDate "2015.01.27"]

1. d4 d5 2. c4 c6 3. cxd5 cxd5 4. Nc3 Nc6 5. Bf4 Nf6 6. Nf3 Bf5 7. e3 a6 8. Be2
e6 9. O-O Bd6 10. Bxd6 Qxd6 11. Qb3 b5 12. Rac1 O-O 13. Nh4 Na5 14. Qd1 Nc4 15.
Nxf5 exf5 16. b3 Nb6 17. Bf3 Rfc8 18. Qd2 Rc6 19. Ne2 Rac8 20. Rxc6 Rxc6 21.
Rc1 Ne4 22. Bxe4 fxe4 23. Rxc6 Qxc6 24. Qc3 Qxc3 25. Nxc3 Kf8 26. Kf1 Ke7 27.
Ke2 Kd6 28. Kd2 b4 29. Ne2 Nd7 30. Nf4 f5 31. h4 g6 32. Nh3 Nf6 33. Ke2 Ke7 34.
Ng5 h6 35. Nh3 Nh5 36. g3 Kf6 37. Kf1 g5 38. hxg5+ hxg5 39. Kg2 Kg6 40. Ng1 f4
41. gxf4 gxf4 42. Kh3 f3 43. Kg4 Nf6+ 44. Kf4 Nd7 45. Nh3 Kf6 46. Kg4 Ke6 47.
Nf4+ Kd6 48. Kf5 Nb6 49. Kf6 a5 50. Kf7 a4 51. bxa4 Nxa4 52. Ne6 Nc3 53. Nc5
Nxa2 54. Nb3 Nc3 55. Kf6 Nd1 56. Kf5 Nxf2 57. Kf4 Nd1 0-1

[Event "Campeonato Distrital Individual Absoluto"]
[Site "Sede do GX Alekhine - Lisboa"]
[Date "2015.02.04"]
[Round "4.7"]
[White "Garcia, António Manuel Da Co"]
[Black "Seia, João Manuel Barradas"]
[Result "1/2-1/2"]
[WhiteElo "1919"]
[BlackElo "1755"]
[PlyCount "84"]
[EventDate "2015.01.27"]

1. c4 c5 2. Nc3 Nc6 3. g3 g6 4. Bg2 Bg7 5. Nf3 e6 6. O-O Nge7 7. d3 O-O 8. Be3
d6 9. Qc1 Nf5 10. Bg5 f6 11. Bd2 d5 12. cxd5 exd5 13. Bf4 g5 14. Bd2 Re8 15.
Re1 Be6 16. e4 dxe4 17. dxe4 Nfd4 18. Nxd4 cxd4 19. Nd5 Ne5 20. Qc7 Bxd5 21.
Qxd8 Raxd8 22. exd5 Nc4 23. Bb4 Nxb2 24. Rab1 Nd3 25. Red1 Nxb4 26. Rxb4 f5 27.
Rxb7 Rb8 28. d6 Rxb7 29. Bxb7 Rd8 30. Bd5+ Kf8 31. Be6 Rxd6 32. Bxf5 h6 33. Kf1
Rb6 34. Ke2 Rb2+ 35. Rd2 Rxd2+ 36. Kxd2 Ke7 37. Kd3 Kd6 38. f4 Kc5 39. fxg5
hxg5 40. h4 gxh4 41. gxh4 Kb4 42. Be6 Kc5 1/2-1/2

[Event "Campeonato Distrital Individual Absoluto"]
[Site "Sede do GX Alekhine - Lisboa"]
[Date "2015.02.04"]
[Round "4.8"]
[White "Santos, Jose Manuel Duarte C"]
[Black "Lages, Duarte Jorge Silva"]
[Result "0-1"]
[WhiteElo "1872"]
[BlackElo "1775"]
[PlyCount "120"]
[EventDate "2015.01.27"]

1. e4 c6 2. d4 d5 3. e5 Bf5 4. Bd3 Bxd3 5. Qxd3 e6 6. Nf3 Qa5+ 7. Nbd2 Qa6 8.
c4 Bb4 9. O-O Ne7 10. b3 c5 11. Bb2 Nbc6 12. a3 Bxd2 13. Nxd2 cxd4 14. Qg3 O-O
15. Rfe1 Rfd8 16. cxd5 Nxd5 17. Ne4 h6 18. Nc5 Qb5 19. Rac1 Rac8 20. Ne4 Qb6
21. Nd6 Rb8 22. Nc4 Qa6 23. Re4 Nde7 24. Rg4 Nf5 25. Qf4 Qb5 26. Nd6 Qxe5 27.
Nxf5 Qxf4 28. Rxf4 exf5 29. Rxf5 d3 30. Rd1 f6 31. Rf3 d2 32. Kf1 Rd7 33. Ke2
Re8+ 34. Re3 Kf7 35. Rxe8 Kxe8 36. Rxd2 Re7+ 37. Kf3 Ne5+ 38. Bxe5 Rxe5 39. Re2
Rxe2 40. Kxe2 Kd7 41. Kd3 Ke6 42. Ke4 f5+ 43. Kd4 Kd6 44. h4 g5 45. h5 a6 46.
b4 b5 47. g4 fxg4 48. Ke4 Ke6 49. Kd4 Kd6 50. Ke4 Ke6 51. Kd4 Kf5 52. Kc5 Kf4
53. Kb6 Kf3 54. Kxa6 Kxf2 55. Kxb5 g3 56. a4 g2 57. a5 g1=Q 58. a6 Kf3 59. Ka5
Ke4 60. b5 Qc5 0-1

[Event "Campeonato Distrital Individual Absoluto"]
[Site "Sede do GX Alekhine - Lisboa"]
[Date "2015.02.04"]
[Round "4.9"]
[White "Fanha, Paulo A Marinheiro"]
[Black "Lopes, Jose Manuel Cidreiro"]
[Result "1-0"]
[WhiteElo "1868"]
[BlackElo "1734"]
[PlyCount "99"]
[EventDate "2015.01.27"]

1. b3 d6 2. Bb2 e5 3. e3 Nf6 4. d4 exd4 5. Qxd4 Nc6 6. Bb5 Bd7 7. Bxc6 Bxc6 8.
Nf3 Qd7 9. Nc3 Qg4 10. Qxg4 Nxg4 11. h3 Ne5 12. Nxe5 dxe5 13. O-O O-O-O 14.
Rfd1 Bb4 15. Kf1 f6 16. f3 Rd6 17. Rxd6 cxd6 18. e4 Kd7 19. Nd5 Bxd5 20. exd5
Rc8 21. c4 b5 22. Rc1 bxc4 23. bxc4 Rb8 24. Ke2 a5 25. Rc2 a4 26. Bc1 a3 27.
Be3 g5 28. g4 h5 29. Kd3 hxg4 30. hxg4 Rc8 31. Rh2 Rf8 32. Rh7+ Kc8 33. Ra7 Kb8
34. Ra4 Bc5 35. Bxc5 dxc5 36. Ra5 f5 37. gxf5 Rxf5 38. Ke3 Rf6 39. Rxc5 Kb7 40.
Rb5+ Ka6 41. Rb3 Rf4 42. d6 Rf7 43. c5 Rd7 44. Ke4 g4 45. fxg4 Rg7 46. Kxe5
Rxg4 47. d7 Rg5+ 48. Kf6 Rxc5 49. d8=Q Rc6+ 50. Ke5 1-0

[Event "Campeonato Distrital Individual Absoluto"]
[Site "Sede do GX Alekhine - Lisboa"]
[Date "2015.02.04"]
[Round "4.10"]
[White "Daud, Rafic"]
[Black "Nanques, Helder Manuel Pereir"]
[Result "0-1"]
[WhiteElo "1654"]
[BlackElo "1922"]
[PlyCount "22"]
[EventDate "2015.01.27"]

1. e4 d5 2. exd5 Qxd5 3. Nc3 Qa5 4. Nf3 Nf6 5. Bc4 Bg4 6. O-O Qh5 7. Be2 Nc6 8.
d4 O-O-O 9. Bf4 Qf5 10. Qd2 Bxf3 11. Bxf3 Rxd4 0-1

[Event "Campeonato Distrital Individual Absoluto"]
[Site "Sede do GX Alekhine - Lisboa"]
[Date "2015.02.04"]
[Round "4.12"]
[White "Nunes, Adelino Victor"]
[Black "Branco, Rómulo João Monteiro"]
[Result "1-0"]
[WhiteElo "1588"]
[BlackElo "1737"]
[PlyCount "89"]
[EventDate "2015.01.27"]

1. e4 e5 2. Nf3 Nc6 3. g3 Nf6 4. d3 d5 5. exd5 Nxd5 6. Bg2 Bb4+ 7. c3 Ba5 8.
O-O O-O 9. a4 a6 10. Nbd2 Bg4 11. Nc4 Re8 12. Qb3 Bb6 13. a5 Ba7 14. Qxb7 Qf6
15. Nfxe5 Nxe5 16. Nxe5 Qxe5 17. Qxd5 Qe2 18. d4 c5 19. dxc5 Rad8 20. Qc6 Rc8
21. Qa4 Bxc5 22. Qf4 Rcd8 23. h3 Bc8 24. Bf3 Bxf2+ 25. Rxf2 Rd1+ 26. Kg2 Bxh3+
27. Kxh3 Qxf2 28. Bxd1 Qg1 29. Bf3 h5 30. Qd2 h4 31. Qg2 Qe1 32. gxh4 Re6 33.
Qg3 Qf1+ 34. Bg2 Qf5+ 35. Kh2 Rg6 36. Bg5 f6 37. Rf1 Qb5 38. Qd6 Qxb2 39. Qxa6
Qxc3 40. Qe6+ Kh7 41. Qf5 fxg5 42. h5 Qc7+ 43. Kh1 Qd8 44. Qxg6+ Kg8 45. h6 1-0